| 000 | 00615nam a2200217Ia 4500 | ||
|---|---|---|---|
| 001 | 15137 | ||
| 003 | GE_BSU | ||
| 008 | 181216s||||||||xx |||||||||||||| ||und|| | ||
| 040 | _cGE_BSU | ||
| 080 | _a530.1(075.8) | ||
| 100 | _aВихман,Э | ||
| 245 | _aКвантовая физика | ||
| 245 | _cПер:с английского под ред.А,И,Шальникова,и А,О,Вайсенберга | ||
| 250 | _aизд. 3-е испр | ||
| 260 | _aМосква | ||
| 260 | _bНаука | ||
| 260 | _c1986 | ||
| 300 | _a392стр,22см | ||
| 653 | _aКвантовая физика | ||
| 942 | _cBK | ||
| 999 |
_c48253 _d48253 |
||